[Event "Ctor por Equipos de Aragon-Division de Honor"]
[Site ""]
[Date "2023.03.18"]
[Round "8.3"]
[White "Guzman Moneo, Alberto"]
[Black "Quintin Navarro, Alberto"]
[Result "0-1"]
[WhiteElo "2146"]
[BlackElo "2373"]
[PlyCount "0"]
[WhiteTeam "Helios"]
[BlackTeam "MyInvestor Casablanca"]
[EventDate "2023.01.28"]

1. e4 e5 2. Nf3 Nc6 3. Bc4 Bc5 4. c3 Nf6 5. d4 exd4 6. e5 d5 7. Bb5 Ne4 8. cxd4 Bb6 
9. Nc3 O-O 10. Be3 Bg4 11. h3 Bxf3 12. gxf3 Nxc3 13. bxc3 f5 14. f4 Qe7 15. O-O Nd8 
16. Kh2 Ne6 17. Rg1 Rf7 18. a4 c6 19. Bd3 g6 20. a5 Bc7 21. c4 Rd8 22. cxd5 cxd5 
23. Ra4 Kh8 24. Qf3 a6 25. Rb1 Bb8 26. Rab4 Ba7 27. R1b2 Rd7 28. Bb1 g5 29. fxg5 f4 
30. g6 Rf8 31. Bd2 Bxd4 32. R2b3 Bxe5 33. Qh5 Qg5 34. Qxg5 Nxg5 35. gxh7 f3+ 
36. Kh1 Nxh3 37. Rxb7 Rxb7 38. Rxb7 Nxf2+ 39. Kg1 Ng4 40. Bd3 Bd4+ 41. Kf1 Nh2+ 
42. Ke1 f2+ 43. Kd1 f1=Q+ 44. Bxf1 Nxf1 45. Bh6 Re8 46. Rd7 Ne3+ 47. Kd2 Nc4+ 
48. Kc2 Nxa5 49. Rxd5 Nc6 50. Rd6 Rc8 51. Kb3 Kxh7 52. Bd2 Kg8 53. Rd7 Kf8 
54. Ka4 Ke8 55. Rb7 Nd8 56. Rb4 Bc5 57. Rh4 Kd7 58. Rh6 Nc6 59. Rh7+ Be7 60. Bg5 Re8 
61. Bxe7 Rxe7 62. Rxe7+ Kxe7 63. Kb3 Kd6 64. Ka4 Kc5 65. Ka3 Kb5 66. Kb3 a5 67. Ka3 a4 
68. Kb2 Kb4 69. Ka2 a3 70. Ka1 Kb3 71. Kb1 Nb4 72. Ka1 Nc2+ 0-1

[Event "Ctor por Equipos de Aragon-Division de Honor"]
[Site ""]
[Date "2023.03.18"]
[Round "8.4"]
[White "Vela Frago, Alberto"]
[Black "Lorente Melcon, Maximo"]
[Result "1-0"]
[WhiteElo "2213"]
[BlackElo "1980"]
[PlyCount "0"]
[WhiteTeam "MyInvestor Casablanca"]
[BlackTeam "Helios"]
[EventDate "2023.01.28"]

1. e4 c5 2. Nf3 e6 3. d4 cxd4 4. Nxd4 Nf6 5. Nc3 Nc6 6. Ndb5 Bb4 7. a3 Bxc3+ 8. Nxc3 d5 
9. exd5 exd5 10. Bd3 O-O 11. O-O d4 12. Ne2 Bg4 13. h3 Bh5 14. Bg5 Re8 15. Re1 Qd6 
16. Qd2 Bxe2 17. Rxe2 Rxe2 18. Qxe2 Re8 19. Qf1 h6 20. Bd2 Ne5 21. Re1 Rd8 22. Qe2 Nxd3 
23. Qxd3 Qd5 24. Bf4 Rc8 25. Kh2 Qc5 26. Re2 Nd7 27. Qg3 Qh5 28. Re7 Nf6 29. Be5 Qg5 
30. Qxg5 hxg5 31. Rxb7 Rxc2 32. Bxd4 a5 33. Rb5 Rd2 34. Bc3 Rxf2 35. Bxa5 Ne4 36. Bb6 Re2 
37. a4 f6 38. a5 Nd6 39. Rb4 Nf5 40. a6 Re8 41. Bc5 1-0

[Event "Ctor por Equipos de Aragon-Division de Honor"]
[Site ""]
[Date "2023.03.18"]
[Round "8.8"]
[White "Gonzalez Gambau, Jorge"]
[Black "Roque Sola, Jose Luis"]
[Result "0-1"]
[WhiteElo "2068"]
[BlackElo "2217"]
[PlyCount "0"]
[WhiteTeam "Jaque - Aramovil"]
[BlackTeam "Jaime Casas"]
[EventDate "2023.01.28"]

1. e4 e5 2. Nf3 Nc6 3. Bb5 a6 4. Bxc6 dxc6 5. Nc3 Bd6 6. d4 Qe7 7. dxe5 Bxe5 8. Nxe5 
Qxe5 9. Qf3 Nf6 10. Bf4 Qe7 11. 0-0 Be6 12. Bg5 h6 13. Bxf6 gxf6 14. Rad1 Bd7 15. 
Qe3 b6 16. Qd3 a5 17. a3 0-0-0 18. b4 Kb7 19. Qe3 axb4 20. axb4 Be6 21. Ra1 Qxb4 
22. Ra4 Qd6 23. Rb1 Qd2 24. Qg3 Ra8 25. Rab4 Ra3 26. Qg7 Rd8 27. Nd5 cxd5 28. Qxf6 
dxe4 29. h3 e3 30. Rxb6+ cxb6 31. Qe7+ Rd7 32. Qxa3 exf2+ 33. Kh2 Qf4+  0-1

[Event "Ctor por Equipos de Aragon-Division de Honor"]
[Site ""]
[Date "2023.03.18"]
[Round "8.9"]
[White "Hinojar Basa, Alfonso"]
[Black "Del Rey, Diego"]
[Result "1/2-1/2"]
[WhiteElo "2164"]
[BlackElo "2328"]
[PlyCount "0"]
[WhiteTeam "Marcos Frechin"]
[BlackTeam "El Olivar"]
[EventDate "2023.01.28"]

1. e4 c5 2. Nf3 d6 3. Bb5+ Nd7 4. a4 Ngf6 5. Nc3 a6 6. Be2 b6 7. d4 cxd4 8.
Qxd4 e5 9. Qe3 Bb7 10. O-O Be7 11. Nd2 Qc7 12. Rd1 O-O 13. Nc4 Nc5 14. f3 Rad8
15. a5 b5 16. Nb6 Ne6 17. Qf2 b4 18. Ncd5 Nxd5 19. exd5 Nc5 20. Be3 f5 21. Bc4
Kh8 22. Qe1 f4 23. Bf2 e4 24. fxe4 Bf6 25. Rab1 Rfe8 26. Bd3 b3 27. cxb3 Nxb3
28. Qb4 Nc5 29. Rbc1 Nxd3 30. Rxc7 Nxb4 31. Rxb7 Rxe4 32. b3 Na2 33. Nc4 Nc3
1/2-1/2

[Event "Ctor por Equipos de Aragon-Division de Honor"]
[Site ""]
[Date "2023.03.18"]
[Round "8.10"]
[White "Villuendas Valero, Adrian"]
[Black "Miranda Herrera, Jorge Manuel"]
[Result "1/2-1/2"]
[WhiteElo "2259"]
[BlackElo "2115"]
[PlyCount "0"]
[WhiteTeam "El Olivar"]
[BlackTeam "Marcos Frechin"]
[EventDate "2023.01.28"]

1. e4 d6 2. d4 Nf6 3. Nc3 e5 4. Nf3 Nbd7 5. Bc4 Be7 6. O-O O-O 7. Re1 c6 8. a4
h6 9. h3 a5 10. Ba2 Re8 11. Be3 exd4 12. Nxd4 Bf8 13. Qf3 Nc5 14. Bf4 Ne6 15.
Nxe6 Bxe6 16. Bxe6 Rxe6 17. Rad1 Qb6 18. b3 Rae8 19. Re3 Qb4 20. Rde1 Nd7 21.
Bg3 Be7 22. Na2 Qa3 23. Nc3 Bf6 24. Ne2 Ne5 25. Bxe5 Bxe5 26. Ng3 Rf6 27. Qd1
g6 28. Rf3 Ree6 29. Ree3 Rxf3 30. gxf3 Bxg3 31. fxg3 Qc5 32. Qd3 d5 1/2-1/2

[Event "Ctor por Equipos de Aragon-Division de Honor"]
[Site ""]
[Date "2023.03.18"]
[Round "8.11"]
[White "Miranda Herrera, Miguel"]
[Black "Hernando Garcia, Antonio"]
[Result "1-0"]
[WhiteElo "1976"]
[BlackElo "2101"]
[PlyCount "0"]
[WhiteTeam "Marcos Frechin"]
[BlackTeam "El Olivar"]
[EventDate "2023.01.28"]

1. e4 d5 2. exd5 Qxd5 3. Nc3 Qd8 4. d4 c6 5. Bc4 Bf5 6. g4 Bg6 7. Nge2 e6 8. h4
Bb4 9. h5 Be4 10. Rh3 Bd5 11. Bd3 h6 12. a3 Be7 13. Nf4 Nf6 14. Qe2 Nbd7 15.
Ncxd5 exd5 16. Ne6 fxe6 17. Bg6+ Kf8 18. Qxe6 Bb4+ 19. axb4 Qe7 20. Qxe7+ Kxe7
21. Re3+ Kd8 22. f3 Kc7 23. Re7 Rhg8 24. Bf4+ Kb6 25. b3 a6 26. Kf2 Nf8 27.
Bc7+ Ka7 28. Bf7 Rh8 29. c4 Rc8 30. Bd6 N8d7 31. Bg6 Rhg8 32. Rae1 dxc4 33.
bxc4 Nb6 34. Bc5 Nfd7 35. Rxd7 1-0

[Event "Ctor por Equipos de Aragon-Division de Honor"]
[Site ""]
[Date "2023.03.18"]
[Round "8.12"]
[White "Galstyan, David"]
[Black "Moya Gimeno, Raul"]
[Result "1/2-1/2"]
[WhiteElo "2040"]
[BlackElo "1944"]
[PlyCount "0"]
[WhiteTeam "El Olivar"]
[BlackTeam "Marcos Frechin"]
[EventDate "2023.01.28"]


1. e4 c5 2. Nf3 Nc6 3. d4 cxd4 4. Nxd4 Nf6 5. Nc3 e5 6. Ndb5 d6 7. Bg5 a6 8.
Na3 b5 9. Nd5 Be7 10. Bxf6 Bxf6 11. c3 Bg5 12. Nc2 O-O 13. a4 bxa4 14. Rxa4 a5
15. Bc4 Rb8 16. Ra2 Kh8 17. O-O g6 18. Kh1 f5 19. exf5 gxf5 20. f4 Bh6 21. Qh5
Bg7 22. Rf3 Ne7 23. Nce3 Nxd5 24. Nxd5 Be6 25. Rh3 h6 26. Qg6 Bg8 27. b3 e4 28.
Rg3 Rb7 29. h3 Qh4 30. Kh2 Qd8 31. Qh5 Rb8 32. Ne3 d5 33. Rd2 Qc7 34. Nxd5 Bxd5
35. Rxd5 Qxf4 36. Qg6 Rb7 37. Kg1 1/2-1/2

[Event "Ctor por Equipos de Aragon-Division de Honor"]
[Site ""]
[Date "2023.03.18"]
[Round "8.13"]
[White "Llanes Luno, Ricardo"]
[Black "Lana Rodriguez, David"]
[Result "0-1"]
[WhiteElo "2164"]
[BlackElo "2383"]
[PlyCount "0"]
[WhiteTeam "Delicias"]
[BlackTeam "Teruel"]
[EventDate "2023.01.28"]

1. e4 e6 2. f4 d5 3. e5 c5 4. Nf3 Qb6 5. c3 Bd7 6. Na3 c4 7. Nc2 Bc5 8. d4 cxd3 
9. Bxd3 Bb5 10. Ncd4 Bxd3 11. Qxd3 Nc6 12. Be3 Bxd4 13. Bxd4 Qxb2 14. O-O Qa3 
15. Rfb1 b6 16. Rb3 Qe7 17. f5 exf5 18. Qxf5 Nh6 19. Qd3 O-O 20. h3 Qe6 21. Rf1 Qg6 
22. Qb5 Nf5 23. Qxd5 Rad8 24. Qb5 Rxd4 25. cxd4 Ncxd4 26. Nxd4 Nxd4 27. Qa6 Nxb3 
28. axb3 Qe6 29. Qxa7 Qxb3 30. Qe7 h6 31. Rf3 Qe6 32. Qxe6 fxe6 33. Rb3 Rb8 34. Kf2 b5 
35. Rb4 Kf8 36. Ke3 Ke8 37. Kd4 Rd8+ 38. Kc3 Rd5 39. Re4 Kd7 40. h4 Kc6 41. Kb4 h5 
42. g3 Rc5 43. Kb3 Kd5 44. Rb4 Kxe5 45. g4 g6 46. gxh5 gxh5 47. Kb2 Kf5 48. Rd4 Rc4 0-1

[Event "Ctor por Equipos de Aragon-Division de Honor"]
[Site ""]
[Date "2023.03.18"]
[Round "8.14"]
[White "Moreno Martin-Viveros, Alvaro"]
[Black "Lamas Mercadal, Manuel"]
[Result "1/2-1/2"]
[WhiteElo "2151"]
[BlackElo "2107"]
[PlyCount "0"]
[WhiteTeam "Teruel"]
[BlackTeam "Delicias"]
[EventDate "2023.01.28"]

1. e4 c5 2. Nf3 d6 3. d4 cxd4 4. Nxd4 Nf6 5. Nc3 g6 6. Be3 Bg7 7. Be2 Nc6 
8. O-O O-O 9. Qd2 d5 10. Nxc6 bxc6 11. exd5 Nxd5 12. Nxd5 cxd5 13. c3 e6 
14. Rfc1 a5 15. a4 Ba6 16. Bc5 Re8 17. Bb5 Bxb5 18. axb5 Qc7 19. Be3 Qb7 
20. Qd3 Reb8 21. b6 d4 22. Bxd4 Bxd4 23. Qxd4 Qxb6 24. Qxb6 Rxb6 25. b4 Rc8 
26. bxa5 Ra6 27. Ra3 Rc5 28. Rca1 Kf8 29. Kf1 Re5 30. f4 Rf5 31. g3 g5 
32. Ra4 gxf4 33. gxf4 e5 34. Kg2 exf4 35. Kf3 Rh5 36. R1a2 Rh3+ 37. Kxf4 Rxc3 
38. Re4 Rh3 39. Re5 Rh4+ 40. Kf3 f6 41. Rb5 Kf7 42. Rg2 Ra7 43. Rgb2 Ra4 
44. Rb7+ Rxb7 45. Rxb7+ Ke6 46. Rxh7 Rxa5 1/2-1/2

[Event "Ctor por Equipos de Aragon-Division de Honor"]
[Site ""]
[Date "2023.03.18"]
[Round "8.15"]
[White "Llanes Luno, Pedro Alfredo"]
[Black "Dominguez Bujeda, Jesus"]
[Result "1/2-1/2"]
[WhiteElo "2048"]
[BlackElo "2064"]
[PlyCount "0"]
[WhiteTeam "Delicias"]
[BlackTeam "Teruel"]
[EventDate "2023.01.28"]

1. e4 c5 2. Nf3 g6 3. d4 cxd4 4. Qxd4 Nf6 5. Nc3 Nc6 6. Qa4 d6 7. e5 dxe5 
8. Nxe5 Bd7 9. Nxd7 Nxd7 10. Be3 Bg7 11. Rd1 O-O 12. Be2 Nb6 1/2-1/2

[Event "Ctor por Equipos de Aragon-Division de Honor"]
[Site ""]
[Date "2023.03.18"]
[Round "8.16"]
[White "Martin Catalan, Juan Vicente"]
[Black "Roche Simon, Manuel Angel"]
[Result "1/2-1/2"]
[WhiteElo "1939"]
[BlackElo "1985"]
[PlyCount "0"]
[WhiteTeam "Teruel"]
[BlackTeam "Delicias"]
[EventDate "2023.01.28"]

1. d4 d5 2. Bf4 c5 3. e3 Nc6 4. c3 Qb6 5. Qb3 c4 6. Qc2 e5 7. dxe5 Bf5 
8. Qc1 Nge7 9. Nf3 Ng6 10. Bg3 Bc5 11. Be2 O-O 12. Nbd2 Rfe8 13. Nd4 Bxd4 
14. cxd4 f6 15. O-O fxe5 16. Bf3 Rad8 17. dxe5 Bd3 18. Rd1 Ngxe5 19. Qc3 d4 
20. exd4 Nxf3+ 21. Nxf3 Nxd4 22. Nxd4 Qxd4 23. Qxd4 Rxd4 24. Rd2 b5 25. a3 Rde4 
26. f3 R4e6 27. Bf2 h5 28. Bxa7 h4 29. h3 g5 30. Bf2 Re2 31. Rad1 Kf7 
32. Rxe2 Rxe2 33. Bd4 Kg6 34. Bc3 Kf5 35. Re1 Rxe1+ 36. Bxe1 Bc2 37. Kf2 Bd3 
38. Bd2 Kg6 39. Bc3 1/2-1/2

[Event "Ctor por Equipos de Aragon-Division de Honor"]
[Site ""]
[Date "2023.03.18"]
[Round "8.18"]
[White "Delgado Salcedo, Eduardo"]
[Black "Palacios Herrero, Pablo"]
[Result "0-1"]
[WhiteElo "2129"]
[BlackElo "2198"]
[PlyCount "0"]
[WhiteTeam "Iberajedrez Mundo 64"]
[BlackTeam "Palacio De Pioneros A"]
[EventDate "2023.01.28"]

1. Nf3 Nf6 2. c4 e6 3. b3 d5 4. e3 c5 5. Be2 Nc6 6. O-O d4 7. exd4 cxd4 8. d3
Bd6 9. Ba3 O-O 10. Qc1 e5 11. Bxd6 Qxd6 12. Nbd2 Bf5 13. a3 a5 14. Nh4 Be6 15.
Bf3 Nd7 16. Ne4 Qe7 17. g3 h6 18. Bg2 g5 19. f4 gxf4 20. gxf4 Qxh4 21. f5 Nd8
22. Ra2 Ra6 23. Rf3 Bxf5 24. Rxf5 Ne6 25. Raf2 Nf4 26. R5xf4 exf4 27. Rxf4 Qe7
28. Rf5 Rg6 29. Qa1 Qe6 30. Rxa5 f5 31. Nf2 Re8 32. Qf1 Kh8 33. Kh1 Reg8 34.
Bxb7 Rg1+ 35. Qxg1 Rxg1+ 36. Kxg1 Qe1+ 37. Kg2 Qxa5 0-1

[Event "Ctor por Equipos de Aragon-Division de Honor"]
[Site ""]
[Date "2023.03.18"]
[Round "8.19"]
[White "Dan, Teodor"]
[Black "Villalba Embid, Marcos"]
[Result "0-1"]
[WhiteElo "2045"]
[BlackElo "2125"]
[PlyCount "0"]
[WhiteTeam "Palacio De Pioneros A"]
[BlackTeam "Iberajedrez Mundo 64"]
[EventDate "2023.01.28"]

1. d4 Nf6 2. Nf3 g6 3. c4 Bg7 4. Nc3 O-O 5. e4 d6 6. Be2 e5 7. O-O Nc6 8. d5
Ne7 9. b4 Ne8 10. Ba3 f5 11. Nd2 c6 12. f3 Bh6 13. Nb3 Be3+ 14. Kh1 fxe4 15.
fxe4 Rxf1+ 16. Bxf1 Nf6 17. Be2 cxd5 18. cxd5 Qf8 19. Na5 Bd4 20. Qc2 Bg4 21.
Bb2 Rc8 22. Bd3 Nh5 23. Nxb7 Ng3+ 0-1

[Event "Ctor por Equipos de Aragon-Division de Honor"]
[Site ""]
[Date "2023.03.18"]
[Round "8.20"]
[White "Laliena Solanes, Luis"]
[Black "Aranaz Murillo, Amalia"]
[Result "1-0"]
[WhiteElo "2196"]
[BlackElo "2265"]
[PlyCount "0"]
[WhiteTeam "ONCE C. A. Aragon"]
[BlackTeam "Palacio De Pioneros B"]
[EventDate "2023.01.28"]

1. d4 Nf6 2. c4 b6 3. Nf3 Bb7 4. e3 e6 5. Bd3 Be7 6. Nc3 d5 7. cxd5 exd5 8. O-O
O-O 9. a3 Nbd7 10. b4 a6 11. Bb2 b5 12. Ne5 Nb6 13. Qf3 Bd6 14. Qh3 Ne4 15. f3
Ng5 16. Qh5 g6 17. Qh6 Ne6 18. f4 f5 19. Rf3 Bxe5 20. dxe5 Rf7 21. Rg3 d4 22.
Ne2 dxe3 23. Rd1 Nc4 24. Nd4 Nxd4 25. e6 Nxe6 26. Rxg6+ hxg6 27. Qh8# 1-0

[Event "Ctor por Equipos de Aragon-Division de Honor"]
[Site ""]
[Date "2023.03.18"]
[Round "8.21"]
[White "Sacristan Latorre, Alberto"]
[Black "Gavin Roche, Enrique"]
[Result "0-1"]
[WhiteElo "2100"]
[BlackElo "2201"]
[PlyCount "0"]
[WhiteTeam "Palacio De Pioneros B"]
[BlackTeam "ONCE C. A. Aragon"]
[EventDate "2023.01.28"]

1. Nf3 d5 2. g3 c6 3. Bg2 Nf6 4. O-O Bg4 5. d3 e6 6. Nbd2 Nbd7 7. h3 Bxf3 8.
Nxf3 Bc5 9. c4 a5 10. Qc2 Qc7 11. cxd5 exd5 12. Bf4 Qb6 13. d4 Be7 14. Rad1 O-O
15. Ne5 Rfe8 16. Nxd7 Nxd7 17. e4 dxe4 18. Bxe4 Nf6 19. Bg2 Rad8 20. b3 Nd5 21.
Be5 f6 22. Bxd5+ Rxd5 23. Bf4 Bb4 24. Rd3 Qd8 25. Rfd1 Qd7 26. Kg2 Qf5 27. Qb1
Re2 28. Be3 Qe4+ 29. Kg1 Rh5 30. h4 Rd5 31. Bf4 Kf7 32. Qa1 Be1 33. Be3 Rf5 34.
Rxe1 Qxd3 35. Rxe2 Qxe2 36. Qb1 Qf3 37. Qc2 h5 38. Qc4+ Rd5 39. a4 Kg8 40. Kh2
Qe4 41. b4 axb4 42. Qxb4 c5 43. Qxb7 cxd4 44. f3 Qc2+ 45. Kg1 Qd1+ 46. Kg2 dxe3
0-1

[Event "Ctor por Equipos de Aragon-Division de Honor"]
[Site ""]
[Date "2023.03.18"]
[Round "8.22"]
[White "Baigorri Navarro, Francisco Javier"]
[Black "Colom Sienes, Eduardo"]
[Result "0-1"]
[WhiteElo "2158"]
[BlackElo "2086"]
[PlyCount "0"]
[WhiteTeam "ONCE C. A. Aragon"]
[BlackTeam "Palacio De Pioneros B"]
[EventDate "2023.01.28"]

1. Nf3 Nf6 2. c4 g6 3. Nc3 Bg7 4. e4 d6 5. d4 O-O 6. Be2 e5 7. O-O Nc6 8. d5
Ne7 9. b4 Nh5 10. Re1 Nf4 11. Bf1 f5 12. Bxf4 exf4 13. e5 g5 14. Nxg5 dxe5 15.
Qb3 Nc6 16. dxc6 Qxg5 17. c5+ Kh8 18. Nd5 bxc6 19. Nxc7 Rb8 20. Ne6 Bxe6 21.
Qxe6 Qg6 22. Qb3 e4 23. Rad1 f3 24. Rd6 Rf6 25. Red1 fxg2 26. Bc4 f4 27. Qa4 f3
28. Qxc6 e3 29. Rxf6 exf2+ 30. Kxf2 Qc2+ 31. Kxf3 Qxd1+ 32. Kxg2 Qg4+ 33. Kh1
Qxc4 34. Qd6 Re8 35. Rf4 Qxa2 36. Rf1 Be5 37. Qh6 Qd5+ 0-1

[Event "Ctor por Equipos de Aragon-Division de Honor"]
[Site ""]
[Date "2023.03.18"]
[Round "8.23"]
[White "Gomez Salinas, Nestor"]
[Black "Latorre Abad, Fernando"]
[Result "1-0"]
[WhiteElo "2048"]
[BlackElo "2085"]
[PlyCount "0"]
[WhiteTeam "Palacio De Pioneros B"]
[BlackTeam "ONCE C. A. Aragon"]
[EventDate "2023.01.28"]

1. e4 d6 2. d4 Nf6 3. Nc3 e5 4. Nf3 Nbd7 5. Bc4 Be7 6. O-O O-O 7. h3 c6 8. Be3
b5 9. Bd3 b4 10. Ne2 Qc7 11. c3 d5 12. Nxe5 Nxe5 13. Bf4 Nf3+ 14. gxf3 Qd7 15.
Ng3 Qxh3 16. Re1 bxc3 17. bxc3 dxe4 18. fxe4 Qh4 19. Qf3 Bg4 20. Qh1 Qxh1+ 21.
Nxh1 Rfd8 22. Kg2 Be6 23. Ng3 h6 24. Ba6 Bc8 25. Bxc8 Raxc8 26. Nf5 Bf8 27. f3
Ne8 28. Rab1 Nd6 29. Bxd6 Bxd6 30. Rb7 Bf8 31. Rxa7 Rb8 32. Re2 g6 33. Ne7+
Bxe7 34. Rxe7 Kf8 35. Ra7 Rb6 36. e5 Re8 37. Rd7 Ra6 38. Rd6 Re6 39. Rd8+ Ke7
40. Rh8 h5 41. f4 Ra3 42. Rb2 Ra7 43. Rhb8 Rc7 44. Kf3 Kd7 45. R2b7 f6 46.
Rxc7+ Kxc7 47. Rf8 fxe5 48. dxe5 Re7 49. Rg8 Re6 50. Ke4 Kd7 51. Rh8 Re7 52.
Rh6 Rg7 53. a4 Kc7 54. a5 g5 55. Rxh5 gxf4 56. Kxf4 Rf7+ 57. Ke4 Rf1 58. Rh7+
Kb8 59. a6 Re1+ 60. Kd4 Rd1+ 61. Kc5 Re1 62. Rb7+ Kc8 63. Re7 Kb8 64. c4 1-0

[Event "Ctor por Equipos de Aragon-Division de Honor"]
[Site ""]
[Date "2023.03.18"]
[Round "8.24"]
[White "Abril Avellanas, Eduardo"]
[Black "Arrieta Restrepo, Steven"]
[Result "1/2-1/2"]
[WhiteElo "2164"]
[BlackElo "2039"]
[PlyCount "0"]
[WhiteTeam "Atletismo Huesca"]
[BlackTeam "Monzon"]
[EventDate "2023.01.28"]

1. d4 Nf6 2. Nf3 e6 3. g3 c5 4. Bg2 Nc6 5. O-O d5 6. c4 dxc4 7. Qa4 Bd7 8. Qxc4
cxd4 9. Nxd4 Nxd4 10. Qxd4 Bc6 11. Bxc6+ bxc6 12. Qa4 Qb6 13. Nc3 Be7 14. Be3
Qb7 15. Rac1 O-O 16. b3 Nd5 17. Nxd5 cxd5 18. Rc6 Rfc8 19. Rfc1 Rxc6 20. Rxc6
e5 21. Bc5 h6 22. Bxe7 Qxe7 23. Qa5 d4 24. Rc7 Qd6 25. Rxa7 Rxa7 26. Qxa7 Qd5
27. f3 1/2-1/2

[Event "Ctor por Equipos de Aragon-Division de Honor"]
[Site ""]
[Date "2023.03.18"]
[Round "8.25"]
[White "Barranco Mananet, Fernando"]
[Black "Luis Vitalla, Fernando"]
[Result "1/2-1/2"]
[WhiteElo "2005"]
[BlackElo "2097"]
[PlyCount "0"]
[WhiteTeam "Monzon"]
[BlackTeam "Atletismo Huesca"]
[EventDate "2023.01.28"]

1. e4 c5 2. Nf3 Nf6 3. Nc3 d5 4. Bb5+ Bd7 5. Bxd7+ Qxd7 6. exd5 Nxd5 7. O-O Nc6
8. Ne4 e6 9. c3 Be7 10. d4 cxd4 11. Nxd4 O-O 12. Qa4 Nb6 13. Qd1 Nxd4 14. Qxd4
Qxd4 15. cxd4 Rfd8 16. Be3 Nd5 17. Rac1 Rac8 18. a3 b6 19. Rxc8 Rxc8 20. Rc1
Rxc1+ 21. Bxc1 1/2-1/2

[Event "Ctor por Equipos de Aragon-Division de Honor"]
[Site ""]
[Date "2023.03.18"]
[Round "8.26"]
[White "Bellosta Lopez, Pablo"]
[Black "Hidalgo Gracia, Andres"]
[Result "0-1"]
[WhiteElo "2017"]
[BlackElo "1852"]
[PlyCount "0"]
[WhiteTeam "Atletismo Huesca"]
[BlackTeam "Monzon"]
[EventDate "2023.01.28"]

1. e4 e5 2. Bc4 Nf6 3. d3 Nc6 4. Nc3 Bc5 5. f4 d6 6. f5 Na5 7. Bg5 Nxc4 8. dxc4
c6 9. Qd3 Qb6 10. O-O-O Ng4 11. Nh3 Bd4 12. Na4 Qa5 13. c3 Qxa4 14. cxd4 Qxa2
15. dxe5 Nxe5 16. Qxd6 Qxc4+ 17. Kd2 f6 18. Ke3 Qb3+ 19. Kf4 Nf7 20. Qc7 fxg5+
21. Nxg5 O-O 22. h4 Qb6 23. Qe7 Qf2+ 24. Kg4 Nh6+ 25. Kh3 Bxf5+ 26. exf5 Qxf5+
27. Kh2 Ng4+ 28. Kh3 Ne3+ 29. Kh2 Qf4+ 30. Kg1 Qf2+ 0-1

[Event "Ctor por Equipos de Aragon-Division de Honor"]
[Site ""]
[Date "2023.03.18"]
[Round "8.27"]
[White "Buil Solana, Mario"]
[Black "Molina Cubero-Luna, German"]
[Result "1-0"]
[WhiteElo "1747"]
[BlackElo "1927"]
[PlyCount "0"]
[WhiteTeam "Monzon"]
[BlackTeam "Atletismo Huesca"]
[EventDate "2023.01.28"]

1. e4 e6 2. d4 d5 3. Bd3 Nf6 4. e5 Nfd7 5. f4 c5 6. c3 Nc6 7. Nf3 Qb6 8. Bc2
cxd4 9. cxd4 Bb4+ 10. Nc3 Qa5 11. Bd2 a6 12. a3 Bxc3 13. Bxc3 Qc7 14. O-O Nb6
15. Rc1 Nc4 16. Qe2 Bd7 17. Nd2 Nxd2 18. Qxd2 g6 19. Bb4 Nxb4 20. Qxb4 a5 21.
Qc3 Qxc3 22. bxc3 Bb5 23. Rf3 Rc8 24. Rb1 Ba6 25. Bd3 Bxd3 26. Rxd3 Rc7 27. Rb5
Kd7 28. Rxa5 Rc4 29. Rb5 Kc6 30. Rb3 Ra8 31. Rd2 Rca4 32. Rdb2 R8a7 33. Ra2
R7a5 34. Kf2 Rb5 35. Rab2 Rxb3 36. Rxb3 b5 37. Ke3 h5 38. Kf3 Rc4 39. Kg3 Kb6
40. Kh4 Ka5 41. Kg5 Ka4 42. Rb4+ Rxb4 43. axb4 Kb3 44. Kf6 Kxc3 45. Kxf7 Kxd4
46. Kxe6 Kc4 47. Kf6 d4 48. e6 d3 49. e7 d2 50. e8=Q d1=Q 51. Qe4+ Kc3 52. Qf3+
Qxf3 53. gxf3 Kxb4 54. Kxg6 Kc4 55. f5 b4 56. f6 b3 57. f7 b2 58. f8=Q b1=Q+
59. Kxh5 Qh7+ 60. Qh6 Qf5+ 61. Qg5 Qh7+ 62. Kg4 Qxh2 63. Qf4+ Qxf4+ 64. Kxf4
Kd5 65. Kf5 1-0

[Event "Ctor por Equipos de Aragon-Division de Honor"]
[Site ""]
[Date "2023.03.18"]
[Round "8.28"]
[White "Pellicer Cerezuela, Miguel"]
[Black "Ramon Perez, Jose Luis"]
[Result "0-1"]
[WhiteElo "2043"]
[BlackElo "2166"]
[PlyCount "0"]
[WhiteTeam "L'Aurora Estadilla"]
[BlackTeam "Fraga"]
[EventDate "2023.01.28"]

1. d4 f5 2. c4 Nf6 3. Nc3 e6 4. Bg5 Bb4 5. e3 h6 6. Bh4 Bxc3+ 7. bxc3 O-O 8.
Bd3 d6 9. Ne2 e5 10. Bxf6 Qxf6 11. O-O c5 12. e4 f4 13. f3 Nc6 14. d5 Ne7 15.
Nc1 g5 16. Nb3 Rf7 17. Be2 Rg7 18. h3 h5 19. Kf2 g4 20. fxg4 Qh4+ 21. Kg1 hxg4
22. Bxg4 Bxg4 23. hxg4 Kf7 24. Qf3 Rxg4 25. Rf2 Rag8 26. Kf1 Rg3 27. Qd1 Re3
28. Kg1 Rh3 29. Kf1 Rh1+ 30. Ke2 Rxd1 31. Rxd1 Rg3 32. Rc1 Qg4+ 33. Kd2 Rxg2
0-1

[Event "Ctor por Equipos de Aragon-Division de Honor"]
[Site ""]
[Date "2023.03.18"]
[Round "8.29"]
[White "Vallverdu Miret, Oscar"]
[Black "Felez Casedas, Carlos"]
[Result "1/2-1/2"]
[WhiteElo "2086"]
[BlackElo "1940"]
[PlyCount "0"]
[WhiteTeam "Fraga"]
[BlackTeam "L'Aurora Estadilla"]
[EventDate "2023.01.28"]

1. d4 d5 2. Nf3 Nf6 3. e3 c6 4. Bd3 Bg4 5. Nbd2 e6 6. c3 Nbd7 7. Qc2 Bd6 8. h3
Bxf3 9. Nxf3 e5 10. dxe5 Nxe5 11. Nxe5 Bxe5 12. b3 Qe7 13. Bb2 h6 14. g4 Bd6
15. O-O-O Ba3 16. Rhe1 Bxb2+ 17. Kxb2 O-O-O 18. Re2 Rhe8 19. Red2 Qe5 20. Bf1
Qe4 21. Qxe4 Nxe4 22. Re2 Kc7 23. Bg2 Rd6 24. Kc2 Rf6 25. Bxe4 Rxe4 1/2-1/2

[Event "Ctor por Equipos de Aragon-Division de Honor"]
[Site ""]
[Date "2023.03.18"]
[Round "8.30"]
[White "Fuentes Espuna, Juan Antonio"]
[Black "Aribau Rivas, Miguel Angel"]
[Result "0-1"]
[WhiteElo "1914"]
[BlackElo "2036"]
[PlyCount "0"]
[WhiteTeam "L'Aurora Estadilla"]
[BlackTeam "Fraga"]
[EventDate "2023.01.28"]

1. d4 Nf6 2. c4 e6 3. Nf3 b6 4. Bg5 Bb7 5. Nc3 h6 6. Bd2 c5 7. e3 Be7 8. Bd3
O-O 9. a3 cxd4 10. exd4 d5 11. cxd5 Nxd5 12. O-O Nc6 13. Nxd5 Qxd5 14. Bc3 Bf6
15. Bc2 Rfd8 16. Qd3 g6 17. Rad1 Qh5 18. Qe3 Ne7 19. Be4 Nd5 20. Bxd5 Bxd5 21.
Ne5 Rac8 22. f4 Qf5 23. Rde1 h5 24. h3 h4 25. Ng4 Bg7 26. Qf2 Qh5 27. Re5 f5
28. Rfe1 Qh7 29. Ne3 Bxe5 30. fxe5 Rc7 31. Qf4 Qh5 32. Bb4 g5 33. Qf2 Rf7 34.
Nxd5 Rxd5 35. Bd6 g4 36. Qe3 gxh3 37. Qc3 Qg4 0-1

[Event "Ctor por Equipos de Aragon-Division de Honor"]
[Site ""]
[Date "2023.03.18"]
[Round "8.31"]
[White "Casas Chine, German"]
[Black "Puertolas Serena, Arturo"]
[Result "1-0"]
[WhiteElo "1792"]
[BlackElo "1788"]
[PlyCount "0"]
[WhiteTeam "Fraga"]
[BlackTeam "L'Aurora Estadilla"]
[EventDate "2023.01.28"]

1. e4 c6 2. d4 d5 3. exd5 cxd5 4. c4 Nf6 5. Nc3 e6 6. Nf3 Nc6 7. Bf4 dxc4 8.
Bxc4 a6 9. O-O b5 10. Bb3 Bb7 11. d5 exd5 12. Nxd5 Nxd5 13. Bxd5 Be7 14. Rc1
Qb6 15. Re1 Rd8 16. Bxc6+ Bxc6 17. Qe2 Rd7 18. Ne5 1-0

[Event "Cto por Equipos de Aragon-Preferente I"]
[Site ""]
[Date "2023.03.18"]
[Round "8.32"]
[White "Garcia Acin, Pablo"]
[Black "Fabre Perez, Jose Maria"]
[Result "1/2-1/2"]
[WhiteElo "1851"]
[BlackElo "1981"]
[PlyCount "0"]
[WhiteTeam "Iberajedrez Mundo 64 B"]
[BlackTeam "Delicias B"]
[EventDate "2023.01.28"]


1. e4 c5 2. Nf3 Nc6 3. d4 cxd4 4. Nxd4 g6 5. c4 Nf6 6. Nc3 Nxd4 7. Qxd4 d6 8.
Be2 Bg7 9. Be3 O-O 10. Qd2 a5 11. a4 Nd7 12. f3 Nc5 13. Bxc5 dxc5 14. Qxd8 Rxd8
15. Rc1 Be6 16. b3 Rd7 17. Nd5 Rad8 18. O-O Bd4+ 19. Kh1 f6 20. Rfd1 Bf7 21.
Rd3 Kg7 22. Rcd1 e5 1/2-1/2